000 00390pab a2200145 454500
008 180718b2015 xxu||||| |||| 00| 0 eng d
100 _aAguiar, Mark et al
245 _aCoordination and crisis in monetary unions
260 _c2015
300 _ap.1727-1779.
362 _aNov
650 _aInternational monetary systems
773 _aQuarterly Journal of Economics
909 _a110885
999 _c110880
_d110880